Americas Flag Quiz - Statistics

General Stats
  • This quiz has been taken 63 times
  • The average score is 30 of 37
Answer Stats
Picture Answer % Correct
Canada
100%
United States
100%
Mexico
98%
Honduras
91%
Argentina
89%
Brazil
89%
Peru
89%
Cuba
86%
Barbados
84%
Belize
84%
Chile
84%
Haiti
84%
Jamaica
84%
Panama
84%
Uruguay
84%
Colombia
82%
Nicaragua
82%
Venezuela
82%
Dominica
80%
El Salvador
80%
Guatemala
80%
Bahamas
77%
Saint Lucia
77%
Costa Rica
75%
Ecuador
75%
French Guiana
75%
Paraguay
75%
Trinidad and Tobago
75%
Dominican Republic
73%
Guyana
73%
Saint Vincent and the Grenadines
73%
Suriname
73%
Antigua and Barbuda
70%
Grenada
70%
Bolivia
66%
Saint Kitts and Nevis
66%
Greenland
57%
No matching quizzes found
Score Distribution
Percent of People with Each Score
Percentile by Number Answered
Your Score History
You have not taken this quiz